000 00597nam a2200181Ia 4500
008 100921s9999 xx 000 0 und d
082 _b30114
_a891.463 थ 98
100 _aनरवणे सुधा.
245 _aलामणदिवा.
260 _bचंद्रमौळी प्रकाशन, पुणे.
_c1998
300 _a176
_bरसिक साहित्य,पुणे
365 _b110
520 _aललित-कथा.
630 _aलामणदिवा.
650 _aललित-कथा.
730 _aलामणदिवा.
942 _cBOOK
999 _c779227
_d779224